000 00319nam a2200133Ia 4500
008 240624s9999 xx 000 0 und d
041 _aeng
082 _a823 GHO
100 _aGHOSH AMITAV
245 _aSEA OF POPPIES
260 _c2008
_aNew Delhi
_bPenguin Viking
300 _a515 : p. : cm. ; 23
365 _cRS
_b20
999 _c11518
_d11518